| 000 | 01628cam a2200409 i 4500 | ||
|---|---|---|---|
| 999 |
_c200441627 _d59839 |
||
| 003 | TR-AnTOB | ||
| 005 | 20230814170551.0 | ||
| 007 | ta | ||
| 008 | 960606s1995 tu ab b f100 0 eng | ||
| 010 | _a 96954528 | ||
| 020 | _a9757218014 | ||
| 040 |
_aDLC _beng _erda _cDLC _dTR-AnTOB |
||
| 041 | 0 | _aeng | |
| 043 |
_aa-tu--- _aawba--- _aawgz--- |
||
| 050 | 0 | 4 |
_aHF1583.4.Z4 _bC66 1995 |
| 090 |
_aHF1583.4.Z4 _bC66 1995 |
||
| 245 | 0 | 4 |
_aThe contribution of Turkey for reconstruction and development of Palestine / _cedited by Prof. Dr. Hasan Köni. |
| 264 | 1 |
_aAnkara : _bAnkara University and Friedrich-Naumann-Foundation in Turkey, _c1995. |
|
| 300 |
_aiv, iii, 306 pages : _billustrations, maps ; _c25 cm |
||
| 336 |
_2rdacontent _atext _btxt |
||
| 337 |
_2rdamedia _aunmediated _bn |
||
| 338 |
_2rdacarrier _avolume _bnc |
||
| 500 | _aContains papers presented at a conference held in Ankara, Turkey in 1995. | ||
| 504 | _aBIB | ||
| 651 | 0 |
_aTurkey _xForeign economic relations _zWest Bank _vCongresses _918925 |
|
| 651 | 0 |
_aTurkey _xForeign economic relations _zGaza Strip _vCongresses _918925 |
|
| 651 | 0 |
_aWest Bank _xForeign economic relations _zTurkey _vCongresses _9141390 |
|
| 651 | 0 |
_aGaza Strip _xForeign economic relations _zTurkey _vCongresses _9141391 |
|
| 651 | 0 |
_aWest Bank _xEconomic conditions _vCongresses _9141390 |
|
| 651 | 0 |
_aGaza Strip _xEconomic conditions _vCongresses _9141391 |
|
| 700 | 1 |
_aKöni, Hasan _eeditor _910275 |
|
| 710 | 2 |
_aAnkara Üniversitesi _920230 |
|
| 710 | 2 |
_aFriedrich-Naumann-Stiftung _926395 |
|
| 942 |
_2lcc _cBK |
||